Bournemouth Squad 24/25 - Statistics

General Stats
  • This quiz has been taken 91 times
    72 since last reset
  • The average score is 14 of 21
Answer Stats
# Nation Former Club Answer % Correct
3 Hungary AZ Milos Kerkez
88%
9 Brazil Porto Evanilson
80%
4 England Leeds Lewis Cook
80%
12 USA Leipzig Tyler Adams
80%
26 Turkey Getafe Enes Unal
78%
19 Netherlands AS Roma Justin Kluivert
78%
13 Spain Chelsea Kepa
78%
5 Argentina Feyenoord Marcos Senesi
76%
10 Scotland Celtic Ryan Christie
73%
2 Spain Juventus Dean Huijsen
69%
27 Ukraine Dynamo Kyiv Ilya Zabarnyi
69%
17 Colombia Leeds Luis Sinisterra
69%
15 England Spurs Adam Smith
67%
22 Mexico Barcelona Julian Araujo
65%
29 Denmark Huddersfield Philip Billing
65%
8 England Bristol City Alex Scott
63%
11 Burkina Faso Lorient Dango Ouattara
61%
7 Wales Sheffield Utd David Brooks
57%
16 England Middlesbrough Marcus Tavernier
55%
42 Ireland Youth Mark Travers
53%
37 England Norwich City Max Aarons
43%
No matching quizzes found
Score Distribution
Percent of People with Each Score
Percentile by Number Answered
Your Score History
You have not taken this quiz since the last reset